000 00751cam a22002171 4500
001 af 49001254
003 DLC
005 20260227110919.0
008 870117s1945 fr 000 0 fre
010 _aaf 49001254
035 _a(OCoLC)15086069
040 _aDLC
_cLNT
_dDLC
050 0 0 _aDC342.8.J4
_bA8
100 1 _aAuriol, Vincent,
_d1884-1966.
245 1 0 _aSouvenirs sur Jean Jaurès.
_bDiscours prononcé à Alger le 30 juillet 1944 à la manifestation organisée à l'occasion du 30e anniversaire de la mort de Jean Jaures.
260 _aParis,
_bÉditions de la Liberté,
_c1945.
300 _a22 p.
_c19 cm.
490 0 _aPages socialistes,
_vno. 6
500 _aAt head of title: Parti socialiste.
600 1 0 _aJaurès, Jean,
_d1859-1914.
999 _c6906
_d6906